The World's Greatest Underachiever Take on the Universe (Record no. 49062)
| 000 -LEADER | |
|---|---|
| fixed length control field | 00415nam a22001217a 4500 |
| 008 - FIXED-LENGTH DATA ELEMENTS--GENERAL INFORMATION | |
| fixed length control field | 250729b |||||||| |||| 00| 0 eng d |
| 020 ## - INTERNATIONAL STANDARD BOOK NUMBER | |
| International Standard Book Number | 9781406340273 |
| 100 ## - MAIN ENTRY--PERSONAL NAME | |
| Personal name | Henry Winkler (Author), Lin Oliver (Author) |
| 9 (RLIN) | 86424 |
| 245 ## - TITLE STATEMENT | |
| Title | The World's Greatest Underachiever Take on the Universe |
| 260 ## - PUBLICATION, DISTRIBUTION, ETC. (IMPRINT) | |
| Place of publication, distribution, etc | Great Britain |
| Name of publisher, distributor, etc | Walker Books Ltd |
| Date of publication, distribution, etc | 2011 |
| 300 ## - PHYSICAL DESCRIPTION | |
| Extent | 352 pages |
| Other physical details | col. ill. |
| Dimensions | 13 cm x 2.3 cm x 19.7 cm |
| 942 ## - ADDED ENTRY ELEMENTS (KOHA) | |
| Source of classification or shelving scheme | |
| Withdrawn status | Lost status | Source of classification or shelving scheme | Damaged status | Not for loan | Collection code | Home library | Current library | Date acquired | Total Checkouts | Full call number | Barcode | Date last seen | Price effective from | Koha item type |
|---|---|---|---|---|---|---|---|---|---|---|---|---|---|---|
| Siem Reap | Asian Hope Siem Reap | Asian Hope Siem Reap | 07/29/2025 | FIC HEN | 209013 | 07/29/2025 | 07/29/2025 | Book |